1434 1557 1974 1376 1889 1039 1093 1517 1217 1141 1150 1409 1156 1312 1623 1342 1232 1021 1816 1032 1997 1327 1205 2000 1029 1415 1025 1608 1331 1933 1775 1010 1172 1211 1429 1694 1317 1516 1867 1945 1657 1075 1182 1866 1604 1467 1072 1385 1510 1234 1842 1365 1950 1680 1397 1712 1985 1738 1471 1681 1401 1454 1626 1719 1437 1075 1882 1436 1321 1647 1740 1773 1146 1892 1113 1694 1720 1989 1988 1482 1662 1702 1998 1374 1253 1036 1379 1718 1320 1142 1180 1950 1985 1247 1647 1396 1287 1851 1235 BCNSPRNW ULIB Ver.6.0+V

เปลี่ยนเป็นภาษาไทย

Change to English
 แสดงรายละเอียดบรรณานุกรม
  กลับหน้าหลัก

Brief Record : Get Marc (ISO 2709) : E-mail record : QR code < ปิดหน้าต่าง
LEADER : 00000nam 2200000uu 4500
001    13399111273
003     ULIB
008    110621s2004||||th 000 0 eng d
024    9780443069437
060 04 WQ300^bN842 2004
245 00 Normal childbirth :^bevidence and debate /^cedited by SooDowne ; foreword by Robbie E. Davis-Floyd.
250     2nd ed
260    Edinburgh :^bElsevier Churchill Livingstone,^c2004
300    xiii, 200 p. : ^bill. ;^c26 cm
504    Includes bibliographical references and index
650  2 Midwifery Parturition
650  2 Parturition
650  2 Natural Childbirth
700 1  Downe, Soo.,^eed.
945    ^p0^l0^i027397
995     Kesorn
999 ^a ใช้งานได้ทุกระบบ
รายการนี้ยังไม่มีแท็ก
คุณยังไม่ได้ล็อกอิน คุณสามารถมีกิจกรรมร่วมกับเว็บไซต์ได้ แต่ต้องล็อกอินก่อน ::
  ล็อกอิน

รายการสื่อสารสนเทศ

ลำดับที่ ประเภท เลขเรียก/บาร์โค้ด สถานที่ สถานะ
- ไม่พบข้อมูล -

รายการใกล้เคียง
    หัวเรื่อง [Parturition]

BibComment


ยังไม่เคยถูกคอมเมนท์

คอมเมนท์ทรัพยากรรายการนี้
  คอมเมนท์: Normal childbirth..


 Copyright 2026. Bcnsprnw @Library